000 00384 a2200145 4500
001 170538
020 _a
040 _cMagnum
100 _aAgencia Regional de Noticias
240 1 0 _aClipping em educacao - 06/08/01 a 12/08/01 - ano ii - nº 98
_lpor
245 1 0 _aClipping em educacao - 06/08/01 a 12/08/01 - ano ii - nº 98
362 0 _a1899
697 _aENSINO
942 _cBK
999 _c170538
_d170538